| 000 | 01547nam a2200277Ia 4500 | ||
|---|---|---|---|
| 008 | 0000002001 pr ad 0000000000mul00 | ||
| 020 | _a965014509 | ||
| 090 | _aPPR00 T27t | ||
| 245 | 1 | 0 |
_aLos tesoros de la pintura puertorriqueña = Treasures of Puerto Rican paintings _c/ traducción Anne Jones |
| 250 | _a1a. ed. | ||
| 300 |
_a420 p. _c/ 31 cm. |
||
| 500 | _aTexto bilingue : español inglés \ Registro auspiciado por la FGAA. Bogotá | ||
| 501 | _aEl coleccionismo en Puerto Rico = Art collecting in Puerto Rico / Osiris Delgado La pintura, el gusto y la historia: refleXiones en torno a la historia de la pintura puertorriqueña = Regarding taste, reflections on the history of Puerto Rican painting / Mercedes Trelles Hernández Los artistas que se establecen en la década de los 90: una nuevas miradas, uno nuevos retos = Artists establishing themselves in the 90's: new visions, new challenges / Manuel Alvarez Lezama | ||
| 650 | 1 | 4 | _aARTE CONTEMPORANEO PUERTORRIQUEÑO |
| 650 | 1 | 4 | _aARTE PUERTORRIQUEÑO |
| 650 | 1 | 4 | _aARTISTAS PLASTICOS PUERTORRIQUEÑOS |
| 650 | 1 | 4 | _xCATALOGOS |
| 650 | 1 | 4 | _aCOLECCIONES DE ARTE PUERTO RICO |
| 650 | 1 | 4 | _aENSAYOS |
| 650 | 1 | 4 | _aPINTORES PUERTORRIQUEÑOS |
| 650 | 1 | 4 | _aPINTURA ACRILICA (ARTE) |
| 650 | 1 | 4 | _aPINTURA AL OLEO |
| 650 | 1 | 4 | _aPINTURA PUERTORRIQUEÑA INVESTIGACIONES |
| 700 | 1 | _aJones, Anne, tr \ Delgado, Osiris \ Trelles Hernández, Mercedes \ Alvarez Lezama, Manuel | |
| 999 |
_c10961 _d10961 |
||
| 260 |
_aSan Juan (Puerto Rico) : Museo de Arte de Puerto Rico _c2001 |
||